000 00653nam a2200289Ia 4500
005 20260324131355.0
008 008 260324s9999 xx 000 0 eng d
020 _a9780080459790
037 _aEBOOK
040 _aCRL
040 _beng
040 _cCRL
041 _2eng
041 _aeng
084 _qCRL
100 _aMike Collins
245 0 _aPro Tools LE and M-Powered
245 4 _bThe complete guide
260 _bTaylor and Francis
260 _c2006
365 _a
365 _b230
856 _uhttp://www.taylorfrancis.com/books/9780080459790
942 _cEBOOK
999 _c1782356
_d1782356